| 000 | 00597nam a22001817a 4500 | ||
|---|---|---|---|
| 005 | 20171025120556.0 | ||
| 010 | _aENG-120446 | ||
| 020 |
_a9788187364559 _c1200.00 |
||
| 035 | _aEN-103978 | ||
| 037 | _bDBAD/PUB | ||
| 082 | _a303.409564 | ||
| 100 | _aS.Akhilesh | ||
| 245 |
_aSocial change & development in India : _cby S. Akhilesh _bdevelopments, issues and challenges / |
||
| 260 |
_aRewa _bGayatri Publications _c2013 |
||
| 270 |
_a41/42,Raghuwans Sadan,Shanti Kunj,Bichhiya _bRewa (M.P.) _e486001 |
||
| 300 |
_a464p.: _c23cm(Hb) _bill. |
||
| 942 |
_2ddc _cEN _h303.40954 _mAKH |
||
| 999 |
_c145076 _d145076 |
||